Loading...
| History - World History | 0 | 5 | 1 | 1 | 45 | 66 | 108.80 | 0 | 5 |
| Fine Arts - Other Fine Arts | 0 | 2 | 0 | 0 | 20 | 124 | 128.00 | 0 | 2 |
| Fine Arts - Painting and Sculpture | 0 | 2 | 0 | 0 | 20 | 128 | 130.00 | 0 | 2 |
| Current Events | 0 | 2 | 0 | 0 | 20 | 77 | 90.00 | 0 | 2 |
| History - Other History | 0 | 3 | 2 | 0 | 20 | 117 | 117.33 | 0 | 3 |
| History - European History | 0 | 3 | 3 | 0 | 15 | 66 | 94.33 | 1 | 3 |
| Philosophy | 0 | 1 | 0 | 0 | 10 | 134 | 134.00 | 0 | 1 |
| Geography | 0 | 1 | 0 | 0 | 10 | 69 | 69.00 | 0 | 1 |
| Literature - World Literature | 0 | 1 | 0 | 0 | 10 | 135 | 135.00 | 0 | 1 |
| Mythology | 0 | 1 | 0 | 0 | 10 | 104 | 104.00 | 0 | 1 |
| Other Academic | 0 | 1 | 0 | 0 | 10 | 113 | 113.00 | 0 | 1 |
| Literature - European Literature | 0 | 1 | 1 | 0 | 5 | 139 | 139.00 | 0 | 1 |
| History - American History | 0 | 1 | 1 | 0 | 5 | 104 | 104.00 | 0 | 1 |